Top 10 Countries at 2018 Commonwealth Games - Statistics

General Stats
  • This quiz has been taken 77 times
  • The average score is 7 of 10
Answer Stats
rank country % Correct
1 Australia
97%
3 India
87%
2 England
83%
5 New Zealand
82%
4 Canada
78%
6 South Africa
78%
8 Scotland
70%
7 Wales
68%
9 Nigeria
55%
10 Cyprus
32%
No matching quizzes found
Score Distribution
Percent of People with Each Score
Percentile by Number Answered
Your Score History
You have not taken this quiz